Studia plantarum Colombiae, I (Registro nro. 15286)

Detalles MARC
000 -CABECERA
Campo de control 004060000a22001330004500
090 ## - CLASIFICACIÓN LOCAL
Colección AS
Consecutivo Seriadas
041 0# - IDIOMA
Código de idioma para texto/pista de sonido o título separado
100 1# - ASIENTO PRINCIPAL--NOMBRE PERSONAL
Nombre personal Lozano Contreras, Gustavo
245 10 - MENCION DE TITULO
Título Studia plantarum Colombiae, I
700 1# - ASIENTO SECUNDARIO - NOMBRE PERSONAL
Nombre personal Hernández Camacho, Jorge Ignacio
700 1# - ASIENTO SECUNDARIO - NOMBRE PERSONAL
Nombre personal Espinal T., Luis Sigifredo
773 1# - Item fuente:
Título Mutisia: Acta Botánica Colombiana
Especificación de materiales 893
Descripción física 49
Paginas del Articulo 1-7
Lugar, editorial y fecha de publicación 1981
942 ## - ELEMENTOS ADICIONALES (KOHA)
Tipo de ítem Artículo

No hay ítems disponibles.